Elements of Computer Networks (Record no. 6854)

MARC details
000 -LEADER
fixed length control field 00284nam a2200121Ia 4500
008 - FIXED-LENGTH DATA ELEMENTS--GENERAL INFORMATION
fixed length control field 191201s2015 xx 000 0 und d
100 ## - MAIN ENTRY--PERSONAL NAME
Personal name SHARMA, Sanjay
245 #0 - TITLE STATEMENT
Title Elements of Computer Networks
260 ## - PUBLICATION, DISTRIBUTION, ETC. (IMPRINT)
Name of publisher, distributor, etc katson
Date of publication, distribution, etc 2015
300 ## - PHYSICAL DESCRIPTION
Extent 476
650 ## - SUBJECT ADDED ENTRY--TOPICAL TERM
Topical term or geographic name as entry element B.Tech(CSE)
942 ## - ADDED ENTRY ELEMENTS (KOHA)
Source of classification or shelving scheme Dewey Decimal Classification
Koha item type Text Books
Holdings
Withdrawn status Lost status Source of classification or shelving scheme Damaged status Not for loan Collection code Home library Current library Date acquired Source of acquisition Cost, normal purchase price Bill Number Total Checkouts Full call number Acc. no. / Barcode Date last seen Actual Cost, discounted price Bill Date Koha item type Date last borrowed
    Dewey Decimal Classification     B.Tech(CSE) PIET C-LIBRARY PIET C-LIBRARY 21/07/2020 Kirti Prakashan 295.00 IN3888   004.6 SHE 30569 04/12/2019 212.40 16/05/2019 Reference Books  
    Dewey Decimal Classification     B.Tech(CSE) PIET C-LIBRARY PIET C-LIBRARY 21/07/2020 Kirti Prakashan 295.00 IN3888 7 004.6 SHE 30570 17/06/2024 212.40 16/05/2019 Text Books 03/06/2024
    Dewey Decimal Classification     B.Tech(CSE) PIET C-LIBRARY PIET C-LIBRARY 21/07/2020 Kirti Prakashan 295.00 IN3888 10 004.6 SHE 30571 24/03/2026 212.40 16/05/2019 Text Books 05/03/2026

Design & Developed by: PIET Central Library
R70 Miles Stone Pattikalyana Samalkha Panipat 132102
mail ID :- [email protected], Phone No:- 0180-2569700 Ex.216